|
|
|
|
| LEADER |
00000nam a2200000 i 4500 |
| 001 |
DIGEPUJ0443 |
| 003 |
NyNyDIG |
| 007 |
cr ||||||||||| |
| 008 |
241118s2022 ck a ob 000 0 spa d |
| 006 |
m o d |
| 035 |
|
|
|a (OCoLC)1473345482
|
| 040 |
|
|
|a DGITA
|b eng
|e rda
|e pn
|c DGITA
|
| 020 |
|
|
|a 9786287536852
|q eBook
|q pdf
|
| 020 |
|
|
|z 9786287536852
|
| 043 |
|
|
|a s-ck---
|
| 050 |
1 |
4 |
|a N6676.V35 ebook
|
| 100 |
1 |
|
|a Vergel, María del Pilar,
|e author.
|
| 245 |
1 |
4 |
|a Una mirada a dos espacios culturales en los años 70 a través del archivo de Miguel González :
|b evidencias como crítico, curador y gestor cultural de la ciudad de Cali /
|c autores, María del Pilar Vergel, Harvy Andrei Oviedo Vásquez.
|
| 264 |
|
1 |
|a Santiago de Cali :
|b Pontificia Universidad Javeriana Cali,
|c 2022.
|
| 300 |
|
|
|a 1 online resource :
|b illustrations.
|
| 336 |
|
|
|a text
|b txt
|2 rdacontent
|
| 337 |
|
|
|a computer
|b c
|2 rdamedia
|
| 338 |
|
|
|a online resource
|b cr
|2 rdacarrier
|
| 347 |
|
|
|a text file
|2 rdaft
|
| 347 |
|
|
|b PDF
|
| 347 |
|
|
|b EPUB
|
| 504 |
|
|
|a Includes bibliographical references.
|
| 588 |
0 |
|
|a Online resource; title from PDF title page (Digitalia, viewed November 18, 2024)
|
| 650 |
|
0 |
|a Art, Colombian
|z Colombia
|z Cali
|y 20th century.
|
| 600 |
1 |
0 |
|a Gonzalez, Miguel,
|d 1950-
|
| 700 |
1 |
|
|a Oviedo Vásquez, Harvy Andrei,
|e author.
|
| 791 |
2 |
|
|a Digitalia (Firm),
|e distributor.
|
| 793 |
0 |
|
|g Digitalia eBook Collection:
|a Pontificia Universidad Javeriana
|
| 776 |
0 |
8 |
|i Print version:
|a Vergel, María del Pilar.
|t Mirada a dos espacios culturales en los años 70 a través del archivo de Miguel González.
|d Santiago de Cali : Pontificia Universidad Javeriana Cali, [2022]
|z 9786287536852
|
| 856 |
4 |
0 |
|3 Digitalia Hispánica
|u https://www.digitaliapublishing.com/a/144140/
|
| 910 |
|
|
|a Premium collection: 2024
|